Central Library and Information Centre
Sibsagar Girls' College, Sivasagar : Assam

SIKHYA MANUBIGYAN PRARAMBHIKA (Record no. 2382)

MARC details
000 -LEADER
fixed length control field 00475cam a2200193ua 4500
008 - FIXED-LENGTH DATA ELEMENTS--GENERAL INFORMATION
fixed length control field 191126n1978 II |||gr||||Z||||||asm
040 ## - CATALOGING SOURCE
Original cataloging agency MAIN
041 ## - LANGUAGE CODE
-- English
041 ## - LANGUAGE CODE
-- asm
082 ## - DEWEY DECIMAL CLASSIFICATION NUMBER
Classification number 370.15 BAR
100 ## - MAIN ENTRY--PERSONAL NAME
Personal name BARUAH , JATIN.
245 ## - TITLE STATEMENT
Title SIKHYA MANUBIGYAN PRARAMBHIKA
250 ## - EDITION STATEMENT
Edition statement 2nd.
260 ## - PUBLICATION, DISTRIBUTION, ETC.
Place of publication, distribution, etc. DIBRUGARH
Name of publisher, distributor, etc. DIBRUGARH UNIVERSITY COORDINATION COMMITTEE
Date of publication, distribution, etc. 1978
300 ## - PHYSICAL DESCRIPTION
Extent 200:
Dimensions 21cm.
942 ## - ADDED ENTRY ELEMENTS (KOHA)
Koha item type Books
653 ## - INDEX TERM--UNCONTROLLED
Uncontrolled term Educational Psychology
Holdings
Withdrawn status Lost status Damaged status Not for loan Collection code Home library Current library Shelving location Date acquired Full call number Barcode Date last seen Copy number Price effective from Koha item type Public note
        TBECO Central Library and Information Centre Sibsagar Girls College Central Library and Information Centre Sibsagar Girls College Education Reck 20.06.1970 370.15 BAR 02670 27.02.2020 1 27.02.2020 Books  
    Damaged   TBEDU Central Library and Information Centre Sibsagar Girls College Central Library and Information Centre Sibsagar Girls College EDUCATION BOOK RACK 20.06.1970 370.15 BAR 02671 27.02.2020 2 27.02.2020 Books V


Sibsagar Girl's College © 2020. All rights reserved.
Powered by Koha.
Maintained by Abhijit Borpuzari.